[Event "Linares Anibal op 08th"]
[Site "Linares"]
[Date "2001.01.18"]
[Round "11"]
[White "Bacrot, Etienne"]
[Black "Sulskis, Sarunas"]
[Result "1-0"]
[WhiteElo "2618"]
[BlackElo "2501"]
[Annotator "Solozhenkin,E"]
[PlyCount "85"]
[EventDate "2001.01.08"]
[EventType "swiss"]
[EventRounds "11"]
[EventCountry "ESP"]
[SourceTitle "CBM 081"]
[Source "ChessBase"]
[SourceDate "2001.03.20"]
[SourceVersion "1"]
[SourceVersionDate "2001.03.20"]
[SourceQuality "1"]

1. d4 Nf6 2. c4 e6 3. Nc3 Bb4 4. Nf3 b6 5. Bg5 h6 6. Bh4 Bb7 7. e3 g5 8. Bg3
Ne4 9. Qc2 d6 10. Bd3 Bxc3+ 11. bxc3 Nxg3 12. hxg3 Nd7 13. Be4 Bxe4 (13... c6 {
seems to be dubious. After} 14. a4 a5 15. Rb1 Rc8 16. Nd2 Kf8 17. f4 Kg7 18.
Kf2 {a draw was agreed in Uhlmann-Smyslov (Monte Carlo, 1968). I believe that
after 18.0-0 instead of 18.Kf2 White is much better due to compromised pawn's
structure of Black on both sides.}) 14. Qxe4 Ke7 ({After immediate} 14... Nf6
15. Qd3 ({The endgame arises after} 15. Qc6+ Ke7 16. Nd2 Qd7 {gives too little.
The character of the fight proved this in Agzamov-Dorfman (URS-ch49 Frunze,
1981) and (Short- Adams (Telecom op Dublin, 1991)}) {the reasonable choice is
not big for Black. If Black has no intension to push} 15... g4 {so, the
connection of his rooks shoud be put right by 15...Ke7 and from the actual
point of view this permits to consider 14...Ke7 as a more flexible move.}) 15.
a4 a5 16. Rb1 Qg8 17. Qc6 Rc8 $146 (17... Ra7 18. Ke2 Qa8 19. Qxa8 Raxa8 20.
Rb5 Raf8 21. Nd2 f5 22. e4 Kf6 {Pinter-Andersson (Hastings,1980) 0.5-0.5}) 18.
e4 (18. Nd2 $5 Qe8 19. Qb7 Kd8 (19... Nb8 20. Rxb6 Qxa4 21. Ke2 $14) 20. Qf3 $5
$14) 18... Qe8 {[%cal Ge8a4]} 19. Qb7 $6 (19. O-O $11) (19. Nd2 $11) 19... Nb8
20. e5 (20. Rxb6 Nd7 $1 $17) (20. c5 dxc5 21. dxc5 Qxa4 22. cxb6 Nd7 23. bxc7
Nc5 $17) 20... dxe5 $1 (20... Qxa4 21. exd6+ Kxd6 22. Ne5 $44) 21. Nxe5 f6 22.
Ng4 Qc6 $2 (22... Qxa4 $1 23. Qf3 Nd7 $17) 23. Qxc6 Nxc6 24. Nxh6 f5 {[%csl
Gh6]} (24... Kf8 25. Ke2 Kg7 26. Ng4 f5 27. Ne3 Kf6 $14) 25. Ke2 Kf6 26. Rh5 (
26. Rh2 Ne7 27. f4 g4 28. Rbh1 Rhd8) 26... Ne7 (26... Kg6 27. Rbh1 Rh7 28. f4
gxf4 29. gxf4 Rch8 30. Rg5+ Kf6 31. Rg8 $18) 27. f4 $2 ({Seems to be the
critical moment of the endgame for White. After} 27. g4 Ng6 (27... Kg6 28. Rbh1
fxg4 29. Nf5 $18) (27... f4 28. Kd3 Rcd8 29. Re1 $16) 28. g3 Rce8 29. Kd3 {
Black has no real counterplay whereas White has different plans now: exchange
on f5, then attacking f5-pawn by Rb1-b5 and after defending Ng6-e7 playing
g3-g4.Or White can play Rb1-f1, exchange pawns and play f2-f4. In this case
after Black's g5-g4 (Ng6-e7 should be done one move before of course) the
pawn's structure on the queen side is quite differ to those which has occured
in the game and this is in the obvious favour of White.}) 27... g4 28. d5 Rcd8
(28... Kg6 29. Rbh1 Rhf8 30. dxe6 Kf6 31. Nf7 Kxe6 32. Ne5 $16) 29. dxe6 Kxe6
30. Rb5 Kf6 31. Re5 c5 32. Kf2 Rd2+ 33. Ke1 Rhd8 $2 (33... Rdd8 34. Ke2 Rde8
35. Kd3 Kg6 36. Nxf5 (36. Rh4 Rhf8 $11) (36. Rh1 $2 Nc8 $17) 36... Kxh5 37.
Nxe7+ Kh6 38. Ke4 Kg7 39. Nd5 Rxe5+ 40. fxe5 Rh2 41. Kf5 Rxg2 42. Kxg4 Ra2 43.
Nxb6 Kf7 44. Kf5 Rf2+ 45. Ke4 Ke6 46. Nd5 Re2+ 47. Kf4 $11) 34. Nxf5 Rd1+ 35.
Kf2 R8d2+ (35... R1d2+ 36. Kg1 Rd1+ 37. Kh2 $18) 36. Ke3 Ng6 $2 ({May be in
the time trouble Black misses} 36... Rd3+ 37. Ke4 Rd8 {what leads to a funny
kind of disharmony of white pieces despite two extra pawns.} 38. Rh4 (38. Rh6+
Ng6 39. Rxg6+ Kxg6 40. Ne7+ Kf7 41. Nd5 Re8 {gives even less chances for White.
}) (38. Ne3 $4 R1d4+ 39. cxd4 Rxd4#) (38. Rxe7 $6 Re1+ 39. Ne3 Kxe7) 38... Ng6
39. Rxg4 Re1+ 40. Ne3 Nxe5 41. fxe5+ Kf7 42. Rf4+ Ke7 43. Rf2 Rg8 44. Rf3 Re2
45. Kd5 Rg6 {With positional advantage for White but more practical than real
chances to win.}) 37. Rd5 $18 Rxd5 38. cxd5 Rxd5 39. Ke4 Rd2 40. Ne3 Ra2 41.
Nd5+ Kg7 42. Nxb6 Rxg2 43. Kf5 1-0

[Event "RUS-Cup03 Geller Memorial"]
[Site "Moscow"]
[Date "1999.02.08"]
[Round "7"]
[White "Belozerov, Andrei"]
[Black "Nikolenko, Oleg"]
[Result "0-1"]
[WhiteElo "2437"]
[BlackElo "2510"]
[Annotator "Tisdall,J"]
[PlyCount "79"]
[EventDate "1999.02.10"]
[EventType "swiss"]
[EventRounds "9"]
[EventCountry "RUS"]
[SourceTitle "CBM 070"]
[Source "ChessBase"]
[SourceDate "1999.06.08"]
[SourceVersion "1"]
[SourceVersionDate "1999.06.08"]
[SourceQuality "1"]

1. d4 e6 2. Nf3 Nf6 3. c4 b6 4. Nc3 Bb4 5. Bg5 Bb7 6. e3 h6 7. Bh4 Bxc3+ 8.
bxc3 d6 9. Bd3 Qe7 10. O-O {Not a very popular option, since white comes under
direct attack, but a very sharp alternative to the more common plan with 9.Nd2
and building a center with f2-f3.} Nbd7 11. Nd2 g5 12. Bg3 h5 13. h4 (13. f3 $5
{deserves a closer look. It seems more logical than volunteering to open lines
on the kingside, though the continuation in the game does have the advantage
of securing employment for white's dark-squared bishop.} h4 14. Bf2 O-O-O 15.
e4 Rdg8 16. h3 Nh5 17. Re1 Nf4 18. Bc2 c5 19. Nf1 f5 20. exf5 g4 21. fxg4 Bxg2
22. Kh2 Nf6 23. Ne3 Qb7 24. Rg1 Bf3 25. Qd2 Ne4 26. Bxe4 Qxe4 27. fxe6 Kb8 28.
Nf5 Nd3 29. Be3 d5 30. cxd5 c4 31. Raf1 Qxd5 32. Bf4+ Ka8 33. Qe3 Be4 34. Nd6
Bg6 35. Be5 Rh7 36. Rf6 Re7 37. Rgf1 {1-0 Nenashev,A-Tiviakov,S/Open,
Groningen NED 1997 (37)}) 13... Rg8 (13... Ng4 {is an interesting alternative,
though it does not have the stamp of approval of the higher rated players of
this line.} 14. Nf3 (14. hxg5 Qxg5 15. Bf4 Qe7 16. Qe2 e5 17. Bg3 O-O-O 18. f3
h4 19. Be1 h3 20. fxg4 hxg2 21. Rf3 Rh1+ 22. Kxg2 Rdh8 23. Bg3 Rxa1 24. Ne4
exd4 25. exd4 Qe6 26. Rf5 Bxe4+ 27. Bxe4 Rxa2 28. Qxa2 Qxe4+ 29. Rf3 a5 30. g5
Rg8 31. Qd2 f6 32. c5 fxg5 33. Kf2 bxc5 34. dxc5 Nxc5 35. Rf7 Nd3+ 36. Kg1 Ne5
37. Qf2 Rd8 38. Rf8 Rxf8 39. Qxf8+ Kb7 40. Qg7 Qe3+ 41. Kg2 Qe2+ 42. Kh3 Qf1+
43. Kh2 Nf3# {0-1 Sarwinski,M-Pisulinski,J/Mikolajki 1991/EXT 97 (43)}) 14...
gxh4 15. Nxh4 O-O-O 16. e4 Rdg8 17. Qe2 Qg5 18. Rfe1 Nf8 19. Rab1 Ng6 20. Nxg6
Rxg6 21. Rb5 e5 22. f4 Qd8 23. fxe5 a6 24. Rd5 h4 25. Bf4 h3 26. g3 Qg8 27.
exd6 Bxd5 28. exd5 Rf6 29. d7+ Kb7 30. Qf3 h2+ 31. Kh1 Rh3 32. d6+ c6 33. d8=N+
Qxd8 34. Re7+ Qxe7 35. dxe7 Re6 36. Bf1 Rh8 37. Qxg4 {1-0 Beckmann,K-Steil,J/
NRW-II 1990/EXT 97-B (37)}) 14. f3 O-O-O 15. hxg5 Rxg5 16. Bh4 Rg7 17. Rf2 (17.
Ne4 Rdg8 18. Rf2 Nxe4 19. Bxe7 Nxf2 20. Kxf2 Rxg2+ 21. Ke1 Rh2 22. Bf1 Rg1 (
22... Rg3 23. e4 f5 24. Rc1 Rg1 25. Qd3 Ba6 26. Rd1 $18 {1/2-1/2 Petursson,
M-Greenfeld,A/Hastings 1985/EXT 99 (54)}) 23. e4 h4 24. Bxh4 Rxh4 25. Kf2 Rg5
$44 {1/2-1/2 Barsov,A-Schoenthier,F/NRW-II 1996/GER (42)}) 17... Rdg8 18. Qa4
Kb8 (18... e5 19. Bf5 Kb8 20. e4 Nf8 $4 21. Bxf6 {1-0 Sideif Sade,F-Guedon,S/
Cappelle 1995/EXT 97 (21)}) 19. Re1 (19. e4 {led to an exciting battle:} Qe8
20. c5 dxc5 21. Bb5 Qc8 22. e5 a6 23. exf6 axb5 24. Qxb5 Rg6 25. a4 e5 26. a5
exd4 27. axb6 Nxb6 28. Kh2 dxc3 29. Nf1 Qf5 30. g3 Rg4 31. Qe2 Rb4 32. Ne3 Qe5
33. f4 Qe4 34. Nc2 Rb2 35. Re1 Qxe2 {0-1 Farago,I-Rechlis,G/Beersheba 1987/CBM
05 (35)}) 19... Qe8 20. Qc2 Ng4 $1 {A cute tactic that allows black to break
through to g2, though at a price.} 21. Rfe2 (21. fxg4 Rxg4 22. Rf4 Rxg2+ 23.
Kf1 e5 $40 {-/+/-+ is inferior for white - black's attack is even stronger and
white's pieces more exposed.}) 21... Nxe3 $1 22. Rxe3 Rxg2+ $40 23. Kf1 $6 (23.
Kh1 {is hard to recommend since the corner is no place to be during a raging
attack. White does avoid having to worry about a rampaging h-pawn though, and
has slightly better piece coordination here than in the game.} R2g4 (23... R8g4
$5 24. Be4 Rxd2 25. Qxd2 Rxh4+ 26. Kg1 Ba6 $5 $44 {gives black good value for
the exchange as long as his rook does not get permanently stranded on h4.}) 24.
Bf2 Qe7 (24... Rg2 $5) 25. Ne4 R4g6 $40 {and black patiently brings up the
rest of the gang - he can gain control of e4 with a timely ...f5. White can
simplify with an idea like} 26. Nxd6 (26. Nc5 dxc5 27. Bxg6 Rxg6 28. d5 Qf6 {
is less effective for white.}) 26... cxd6 $5 (26... Qxd6 $5) 27. Bxg6 Rxg6 28.
Rg1 {though black has lasting compensation for the exchange.}) 23... Rh2 24.
Bf2 Qe7 {A very methodical build up of the attack, but the straightforward} (
24... h4 $5 25. Be4 f5 26. Bxb7 Qg6 27. f4 Kxb7 $17 {-> looks very impressive
as well.}) 25. Ne4 Rgg2 26. R1e2 Bxe4 $1 {Slightly surprising, but black now
gains access to the g5 square with decisive effect.} 27. Rxe4 (27. fxe4 Qg5 28.
Bg3 (28. Rd2 Rh1+ 29. Ke2 Rxf2+ 30. Kxf2 Qg1+ {mates.}) 28... Rxe2 $1 29. Bxe2
Rh1+ 30. Kf2 h4) 27... Qg5 $19 28. Rh4 (28. Rd2 Rh1+ 29. Ke2 Rxf2+ 30. Kxf2
Qg1+ 31. Ke2 Qe1#) (28. Bg3 Qxg3 29. Rxg2 Rh1+) 28... Rxf2+ 29. Rxf2 Rxh4 30.
Rg2 Qe3 31. Rg8+ Kb7 32. Kg2 {White's position is resignable, but he manages
to create a few cheap tricks on his way down.} Nf6 33. Rg7 Qh6 34. Rg3 Rf4 35.
c5 h4 36. Ba6+ $1 Kb8 (36... Kxa6 $4 37. Qa4+ Kb7 38. c6+ Kc8 (38... Kb8 39.
Qa6) 39. Qxa7 $18) 37. Rg8+ Nxg8 38. Qa4 Qg5+ 39. Kh1 Nf6 40. Qc6 (40. Qc6 Qd5)
0-1

[Event "Reggio Emilia 41th"]
[Site "Reggio Emilia "]
[Date "1999.01.03"]
[Round "7"]
[White "Solozhenkin, Evgeniy"]
[Black "Drei, Andrea"]
[Result "1-0"]
[WhiteElo "2535"]
[BlackElo "2340"]
[Annotator "Tisdall,J"]
[PlyCount "63"]
[EventDate "1998.12.28"]
[EventType "tourn"]
[EventRounds "9"]
[EventCountry "ITA"]
[EventCategory "8"]
[SourceTitle "CBM 069"]
[Source "ChessBase"]
[SourceDate "1999.04.01"]
[SourceVersion "1"]
[SourceVersionDate "1999.04.01"]
[SourceQuality "1"]

1. d4 Nf6 2. c4 e6 3. Nf3 b6 4. Nc3 Bb4 5. Bg5 Bb7 6. e3 h6 7. Bh4 g5 8. Bg3
Ne4 9. Qc2 Bxc3+ 10. bxc3 d6 11. Bd3 Nxg3 12. fxg3 g4 13. Nh4 Qg5 14. Qe2 ({
The energetic} 14. O-O {is more popular, since the acceptance of the sacrifice}
Qxe3+ 15. Kh1 {is fraught with danger:} Nd7 $6 16. Rf4 $1 Rg8 17. Raf1 O-O-O
18. R1f2 Qe1+ 19. Rf1 Qe3 20. Rxf7 Rdf8 21. Qe2 Qxe2 22. Bxe2 $36 {1-0 Spassky,
B-Polugaevsky,L/Baku 1961/URS-ch (42)}) 14... Nd7 15. O-O Rf8 $2 {An
unfortunate decision that leaves black with an awkward position.} (15... h5 $1
16. Rf2 Rh6 $1 {shows a manoeuvre worth noting. Black waits until white has
committed force on the f-line and then neutralizes this via f6.} 17. Raf1 Rf6
18. Rf4 O-O-O 19. Qf2 Rxf4 20. gxf4 Qa5 $15 {0-1 Stempin,P-Sokolov,A/Naleczow
1984/MCD (35). For a twist on this theme, see the game Florean-Marin in this
issue.}) 16. a4 a5 17. Rf4 h5 18. Raf1 f5 $2 ({I believe it was time to face
facts and start to grovel. After} 18... O-O-O $5 19. Rxf7 Rxf7 20. Rxf7 Rf8 {
black relieves pressure through simplification. With the poorly placed N on h4
and odd pawn structure, white has a long way to go before he can enjoy his
extra pawn.}) 19. d5 $1 e5 $2 {[%csl Rb7][%mdl 16384]} (19... Nc5 {at least
gains some activity, and requires a few more accurate moves from white:} 20.
dxe6 Nxe6 (20... Nxd3 21. Qxd3 Be4 22. Rxe4 $1 (22. Qxe4 $5 fxe4 23. Rxf8+ {
is good.}) 22... fxe4 23. Rxf8+ Kxf8 (23... Ke7 24. Qd5 $1 Qxd5 25. Ng6+ $1)
24. Qf1+ $18) 21. Rxf5 $1 {All captures on f5 are possible, but this is the
most convincing.} (21. Nxf5 O-O-O $132) (21. Bxf5 $2 Nxf4 22. exf4+ Qe7 23.
Qxe7+ Kxe7 24. Ng6+ Kf6 25. Nxf8 Kxf5 $19 {[%csl Ra4,Rc4,Rf8,Rg2][%cal Ya8e8,
Ye8e2] shows that it is never impossible to spoil a position.}) 21... Rxf5 22.
Bxf5 Nf8 23. Qd3 {should win for white nevertheless, though black has made him
work.}) (19... exd5 20. Bxf5 {is also gruesome.} Ne5 (20... Qg7 21. cxd5 Bxd5
22. Bg6+ Kd8 (22... Ke7 23. Nf5+ (23. Bxh5 $5)) 23. Rxf8+ Nxf8 24. Qb5 Nxg6 25.
Qxd5 Rc8 26. Qg5+) 21. Bc8 $1 {is a neat trick to win material.}) 20. Rxf5 Rxf5
21. Rxf5 Qg7 22. Rxh5 $18 {Black's entire kingside drops off, and castling
does not help much due to an immediate clamp with Rh7 and Bf5.} Nf6 23. Nf5 Qf8
24. Rg5 {[%csl Re6][%cal Yf5g7,Yg7e6]} Bc8 25. Ng7+ Ke7 26. Bf5 Bxf5 27. Nxf5+
Kd7 28. c5 $1 bxc5 29. Rg7+ Kd8 30. Qb5 Qe8 31. Qb7 Rc8 32. Nxd6 (32. Nxd6 cxd6
33. Qb6+) 1-0

[Event "Dos Hermanas"]
[Site "Dos Hermanas"]
[Date "1997.04.10"]
[Round "8"]
[White "Gelfand, Boris"]
[Black "Salov, Valery"]
[Result "0-1"]
[WhiteElo "2700"]
[BlackElo "2665"]
[Annotator "Tisdall,J"]
[PlyCount "84"]
[EventDate "1997.04.01"]
[EventType "tourn"]
[EventRounds "9"]
[EventCountry "ESP"]
[EventCategory "19"]
[SourceTitle "CBM 059"]
[Source "ChessBase"]
[SourceDate "1997.08.01"]
[SourceVersion "1"]
[SourceVersionDate "1997.08.01"]
[SourceQuality "1"]

1. d4 Nf6 2. Nf3 e6 3. c4 b6 4. Nc3 Bb4 5. Bg5 Bb7 6. e3 h6 7. Bh4 Bxc3+ 8.
bxc3 d6 9. Nd2 Nbd7 10. f3 Nf8 11. Bd3 g5 $5 {Usually the transfer of the
knight to f8 has been played to chase away the Bh4 without compromising
black's kingside pawns. Salov's plan is more ambitious, and simply aims to
funnel more firepower to the kingside and seek active play there.} (11... Ng6
12. Bf2 O-O 13. Qc2 Qe8 14. O-O Nh7 (14... Nd7 15. Rfe1 e5 16. Nf1 Nf6 17. Ng3
Ne7 18. e4 Ng6 19. Be3 Nh7 20. Qd2 $14 {Petran,P-Shipov,S/EUCup Gr5
Balatonbereny 1993/1/2-1/2 (75)}) 15. Bg3 {1/2-1/2 Ristovic,N-Spraggett,K/
Toronto op 1995}) 12. Bf2 Rg8 13. Qa4+ $5 {An interesting way to create
tension in this difficult position. The white queen seems oddly placed on the
a-file but it hinders black from castling and may support a thematic pawn
sacrifice with c4-c5.} (13. e4 Ng6 14. g3 {is probably a bit too
straightforward as it softens white's structure on the long white-squared
diagonal.} Qd7 15. a4 $5 {is a natural way to try and prepare trouble with an
eventual c4-c5.}) 13... Qd7 14. Qa3 Ng6 15. O-O-O Nh4 16. Rhg1 c5 {This robs
white's position of much of its dynamic potential by thwarting the liberating
c5 advance.} 17. e4 Ng6 18. e5 $5 (18. Bc2 $5) 18... dxe5 19. Bxg6 Rxg6 20.
dxe5 Nh5 21. Ne4 Qc7 22. Nd6+ Kf8 23. Nxb7 $6 {It seems a great shame to part
with such a knight.} (23. Be3 {looks better to me, hampering black from
correcting his position on the kingside.}) 23... Qxb7 24. Qa4 Nf4 $1 {Very
cool-headed - the dangers posed by white's grip on the d-file are not as grave
as they might appear.} 25. Qc2 (25. Rd7 Qb8 26. Re1 (26. Qc6 Ne2+) (26. Rgd1
Qxe5) 26... Nxg2 27. Re4 Qe8) 25... Qa6 26. g3 (26. Qe4 $5 Qxa2 $5 (26... Rc8
$15) 27. Qxa8+ Kg7 28. Rge1 (28. Rd2 Ne2+ 29. Rxe2 Qxe2 $19) 28... Qxf2 29. Qe4
Qxg2 {but this should not be dangerous for white who should be able to
generate threats on the 7th or 8th rank.} 30. Rd2 Qh3 31. Rd8 Qh4 32. Red1 Qxh2
33. R1d2 {and the looming threat of Qa8 should give black enough to worry
about.}) 26... Nh3 27. Rgf1 Qxc4 $5 {More maximalism from black, who preserves
the strangely posted Nh3, which is a strong defensive piece.} (27... Nxf2 28.
Rxf2 Qxc4 29. Rd7 $132) 28. Be3 Kg7 29. Kb2 Rf8 30. f4 $2 {This liberates both
of black's problem pieces.} (30. Qg2 Nf4 $1 31. Bxf4 gxf4 32. g4 b5 $40) (30.
Rfe1 $1 {[%csl Rg6,Rh3][%cal Rh7a7] seems to offer compensation, when black
must solve the longterm problems of the uncoordinated Nh3 and Rg6.}) 30... gxf4
31. gxf4 Rd8 $1 $17 {A fine tactical resource that more or less ends the game.
Suddenly all of black's pieces are more active than their counterparts.} 32.
Rxd8 (32. Rde1 $5) 32... Qxf1 33. Qa4 Rg2+ 34. Bd2 Qxf4 $19 35. Qd7 Ng5 36. Ka3
Qxe5 37. Qe8 Kg6 38. Qd7 Rxh2 39. Rg8+ Kh7 40. Rd8 Kg6 41. Rg8+ Kh5 42. Qd3 c4
0-1

[Event "RUS-Cup02"]
[Site "Moscow"]
[Date "1998.??.??"]
[Round "7"]
[White "Rashkovsky, Nukhim N"]
[Black "Ibragimov, Ildar"]
[Result "1-0"]
[WhiteElo "2505"]
[BlackElo "2590"]
[Annotator "Tisdall,J"]
[PlyCount "63"]
[EventDate "1998.01.21"]
[EventType "swiss"]
[EventRounds "9"]
[EventCountry "RUS"]
[SourceTitle "CBM 063"]
[Source "ChessBase"]
[SourceDate "1998.03.26"]
[SourceVersion "1"]
[SourceVersionDate "1998.03.26"]
[SourceQuality "1"]

1. d4 Nf6 2. Nf3 e6 3. c4 b6 4. Nc3 Bb7 5. Bg5 h6 6. Bh4 Bb4 7. Nd2 c5 8. a3
Bxc3 (8... cxd4 9. axb4 dxc3 10. bxc3 O-O 11. e3 a5 12. Be2 Nc6 13. O-O axb4
14. cxb4 Nxb4 15. Qb3 Na6 16. Rab1 Nc5 17. Qxb6 Qxb6 18. Rxb6 Ra2 19. Nb3 Nxb3
20. Rxb7 Na5 21. Ra7 Rxe2 22. Rxa5 g5 23. Bg3 Rc8 24. Ra4 Rc2 25. Be5 Ne4 26.
Ra7 d6 27. Bd4 e5 28. Ba1 Nd2 29. Rd1 R8xc4 30. h4 g4 31. Kh2 Ne4 32. Bxe5 dxe5
33. Rd8+ Kg7 {0-1 Wagner,C-Solozhenkin,E/Paris-ch 1993/TD 93\04}) 9. bxc3 d6
10. e3 Qe7 11. a4 (11. Be2 g5 12. Bg3 h5 13. Bf3 Nc6 14. h3 O-O-O 15. Qa4 Na5
16. dxc5 dxc5 17. Nb3 Nxb3 18. Qxa7 Na5 19. Qxb6 Nxc4 20. Bxb7+ Qxb7 21. Qxc5+
Kd7 22. Qxc4 Nd5 23. O-O Ke7 24. Qc5+ Kf6 25. c4 Nc3 26. Be5+ {1-0 Garcia,
G-Kolarov,A/Bucharest 1966/EXT 97}) 11... Nbd7 (11... Nc6 $5 {or even}) (11...
a5 {look preferable - allowing the advance to a5 allows white to make an asset
out of what should be queenside weaknesses.}) 12. a5 O-O 13. Bd3 e5 $6 ({
Black should take the dare with} 13... Bxg2 14. Rg1 Bc6) 14. O-O Rfe8 $2 {
This allows white to tie black up in knots.} 15. a6 Bc8 16. Be4 Rb8 17. Bc6 Rd8
18. f4 cxd4 (18... exd4 {keeps the f-line closed, which must be an improvement,
though the diagonal crossfire from the white bishop pair still make it
extremely difficult for black to avoid damage.}) 19. Bxd7 $1 {[%csl Rf6] This
leads to the total exposure of black's kingside.} Bxd7 20. fxe5 Qxe5 21. exd4
Qe3+ 22. Kh1 Bg4 23. Qc2 Be2 24. Bxf6 gxf6 25. Rae1 Re8 $2 (25... Qd3 $142) 26.
Rf3 Qe6 27. Rg3+ (27. Rf2 Bd3 28. Rxe6 Bxc2 29. Rxd6 $16 {was good, but the
text is even better.}) 27... Kh8 28. Nf3 $1 $18 f5 (28... Qxc4 29. Qf5 Qe6 30.
Qf4 $18) 29. Ng1 f4 30. Rxe2 fxg3 31. Rxe6 Rxe6 32. hxg3 1-0

[Event "Beersheba 16th"]
[Site "Beersheba"]
[Date "1997.02.28"]
[Round "5"]
[White "Avrukh, Boris"]
[Black "Tyomkin, Dimitri"]
[Result "1-0"]
[WhiteElo "2520"]
[BlackElo "2450"]
[Annotator "Tisdall,J"]
[PlyCount "149"]
[EventDate "1997.02.24"]
[EventType "tourn"]
[EventRounds "11"]
[EventCountry "ISR"]
[EventCategory "12"]
[SourceTitle "CBM 058"]
[Source "ChessBase"]
[SourceDate "1997.06.01"]
[SourceVersion "1"]
[SourceVersionDate "1997.06.01"]
[SourceQuality "1"]

1. d4 Nf6 2. c4 e6 3. Nf3 Bb4+ 4. Nc3 Bxc3+ 5. bxc3 b6 6. Bg5 h6 7. Bh4 Bb7 8.
Nd2 d6 9. f3 e5 10. e4 c5 11. Be2 Nc6 12. Nb3 Qe7 13. a4 a5 14. Ra2 O-O-O 15.
Rb2 Kc7 16. O-O g5 17. Bf2 h5 18. Na1 Rb8 19. Nc2 h4 20. Ne3 Bc8 21. dxc5 dxc5
22. Rd2 Rd8 23. Rxd8 Nxd8 24. Qc1 {[#]} Be6 $6 {[#]} (24... Ne6) 25. Nf5 $1
Bxf5 26. Qxg5 $1 Ne6 $6 (26... Nd5 $5 27. Qxe7+ Nxe7 28. Bxh4 Ng6 29. Bxd8+
Rxd8 30. exf5 Nf4 31. Re1 Rd2 32. Bf1 Kd6 $132) (26... Bd7 27. Bxh4) 27. Qxf5
Nd7 28. Rd1 $18 Rg8 29. Bf1 Rg7 30. Kh1 Kc6 31. Qh5 Nf4 32. Qh8 Qf8 33. Qxf8
Nxf8 34. Bxh4 N4g6 35. Bf6 Rh7 36. Bg5 Ne6 37. Be3 f6 38. g3 Ng5 39. Bg2 Nf7
40. h4 Nd6 41. Bf1 Rh8 42. Kg1 Rd8 43. Bh3 Re8 44. h5 Nf8 45. h6 Re7 46. Bc1
Kc7 47. Kf2 Nxc4 48. Bf1 Nd6 49. Bd3 Rh7 50. Rh1 Ne6 51. f4 c4 52. Bc2 Nf7 53.
fxe5 Nxe5 54. Ke2 Ng5 55. Rh5 Kd6 56. Be3 Ke6 57. Bxb6 Ngf7 58. Bxa5 Nxh6 59.
Bb4 Kf7 60. a5 Kg6 61. Rh1 Ra7 62. Ra1 Nhg4 63. Bc5 Rh7 64. Bg1 Rh1 65. a6 Nc6
66. e5+ f5 67. Rf1 Ne7 68. a7 Rh8 69. Rb1 Nc6 70. Rb6 Ngxe5 71. Ba4 Re8 72. Kf1
Kg5 73. Bxc6 Nxc6 74. Rxc6 Kg4 75. Rb6 1-0